Score 0/22 Timer 04:00
0 Plays Today
% Correct
McDonald's
96.1%
Apple
95.2%
Kellogg's
95.1%
Burger King
94%
Coca-Cola
92.6%
Nintendo
91.3%
Sony
90.5%
Nike
89.2%
Amazon
89.2%
Anheuser-Busch
85.7%
Frito Lay
85%
% Correct
Samsung
84.8%
Mars
83.8%
Nestle
79%
Converse
78.5%
Microsoft
78.2%
Barnes & Noble
76%
MillerCoors
74.5%
Johnson & Johnson
71.8%
Kraft
59.7%
Hewlett-Packard
58.4%
Procter and Gamble
48.3%
Remove Ads.
Support Sporcle.
Get the best of Sporcle when you Go Orange. This ad-free experience offers more features, more stats, and more fun while also helping to support Sporcle. Thank you for becoming a member.

You're not logged in!

Compare scores with friends on all Sporcle quizzes.
OR
Log In

Show Comments

Extras

Top Quizzes Today


Score Distribution

Your Account Isn't Verified!

In order to create a playlist on Sporcle, you need to verify the email address you used during registration. Go to your Sporcle Settings to finish the process.

Report this User

Report this user for behavior that violates our Community Guidelines.

Details: